Entry Personal Name
Number of records used in: 1
001 - CONTROL NUMBER
003 - CONTROL NUMBER IDENTIFIER
005 - DATE AND TIME OF LATEST TRANSACTION
- control field:
20200125121006.0
008 - FIXED-LENGTH DATA ELEMENTS
- fixed length control field:
800825n| acannaab| |a aaa |||
010 ## - LIBRARY OF CONGRESS CONTROL NUMBER
- LC control number:
n 50046292
040 ## - CATALOGING SOURCE
- Original cataloging agency:
DLC
- Transcribing agency:
DLC
- Modifying agency:
DLC
100 10 - HEADING--PERSONAL NAME
- Personal name:
Ross, Joel E.
400 10 - SEE FROM TRACING--PERSONAL NAME
- Personal name:
Ross, Joel,
- Dates associated with a name:
1922-
400 10 - SEE FROM TRACING--PERSONAL NAME
- Personal name:
Ross, J. E.
- Fuller form of name:
(Joel E.)
670 ## - SOURCE DATA FOUND
- Source citation:
His An annotated bibliography of management information systems, 1970.
670 ## - SOURCE DATA FOUND
- Source citation:
His Japanese quality circles and productivity, c1982:
- Information found:
CIP t.p. (Joel Ross)
670 ## - SOURCE DATA FOUND
- Source citation:
Murdick, R.G. Information systems for modern management, c1984:
- Information found:
CIP t.p. (Joel E. Ross) data sheet (b. 9/23/22)
670 ## - SOURCE DATA FOUND
- Source citation:
Claggett, J.R. Introduction to management information systems, c1989:
- Information found:
CIP t.p. (J.E. Ross; Fla. Atlantic Univ.)
670 ## - SOURCE DATA FOUND
- Source citation:
His Total quality management, c1993:
- Information found:
CIP t.p. (Dr. Joel E. Ross) data sheet (Ross, Joel Elmore)